01385nam a22003494a 4500001001200000003000800012006001900020007001500039008004100054010001700095020002200112040002100134035002100155043001200176050002700188082001800215100003000233245014200263260003800405300002600443500001400469504005400483530007300537533015200610650002500762650004100787655002900828700001800857710001700875856012600892999001701018ebr10152582CaPaEBRm u cr cn|||||||||040818s2004 caua sb 000 0 eng  z 2004019522 z0833036548 (pbk.) aCaPaEBRcCaPaEBR a(OCoLC)560200305 aa-iq---14aPN4784.W37bP38 2004eb04a070.4/3332221 aPaul, Christopher,d1971-10aReporters on the battlefieldh[electronic resource] :bthe embedded press system in historical context /cChristopher Paul, James J. Kim. aSanta Monica, CA :bRAND,cc2004. axxiii, 150 p. :bill. a"MG-200." aIncludes bibliographical references (p. 139-150). aAlso available in electronic form via the RAND Corporation Web site. aElectronic reproduction.bPalo Alto, Calif. :cebrary,d2013.nAvailable via World Wide Web.nAccess may be limited to ebrary affiliated libraries. 0aWarxPress coverage. 0aIraq War, 2003-2011xPress coverage. 7aElectronic books.2local1 aKim, James J.2 aebrary, Inc.40uhttp://site.ebrary.com/lib/rucke/Doc?id=10152582zAn electronic book accessible through the World Wide Web; click to view c95585d95585